| Tag |
First Indicator |
Second Indicator |
Subfields |
| LEADER |
00000cam a2200000 a 4500 |
| 001 |
in00001256310 |
| 005 |
20151003080541.0 |
| 008 |
950607s1995 gw b 001 0 ger |
| 010 |
|
|
|a 95162256
|
| 020 |
|
|
|a 3421066914
|
| 035 |
|
|
|a (OCoLC)32525340
|
| 035 |
|
|
|9 AGU2699AM
|
| 040 |
|
|
|a DLC
|c DLC
|d UtOrBLW
|
| 043 |
|
|
|a e-gx---
|
| 049 |
|
|
|a TXAM
|
| 050 |
0 |
0 |
|a DD221
|b .H56 1995
|
| 082 |
0 |
0 |
|a 327.43/009/041
|2 20
|
| 100 |
1 |
|
|a Hildebrand, Klaus.
|
| 245 |
1 |
4 |
|a Das vergangene Reich :
|b deutsche Aussenpolitik von Bismarck bis Hitler, 1871-1945 /
|c Klaus Hildebrand.
|
| 264 |
|
1 |
|a Stuttgart :
|b Deutsche Verlags-Anstalt,
|c [1995]
|
| 264 |
|
4 |
|c ©1995
|
| 300 |
|
|
|a 1054 pages ;
|c 23 cm.
|
| 336 |
|
|
|a text
|b txt
|2 rdacontent
|
| 337 |
|
|
|a unmediated
|b n
|2 rdamedia
|
| 338 |
|
|
|a volume
|b nc
|2 rdacarrier
|
| 504 |
|
|
|a Includes bibliographical references (pages [966]-1041) and index.
|
| 651 |
|
0 |
|a Germany
|x Foreign relations
|y 1871-1918.
|
| 651 |
|
0 |
|a Germany
|x Foreign relations
|y 1918-1933.
|
| 651 |
|
0 |
|a Germany
|x Foreign relations
|y 1933-1945.
|
| 999 |
|
|
|a MARS
|
| 999 |
f |
f |
|s a422aa4f-664d-33d5-b43e-7e2055389ffc
|i d1342809-bf4c-30f3-a5a0-7a3fbc23e81d
|t 0
|
| 952 |
f |
f |
|p normal
|a Texas A&M University
|b College Station
|c Sterling C. Evans Library
|d Evans: Library Stacks
|t 0
|e DD221 .H56 1995
|h Library of Congress classification
|i unmediated -- volume
|m A14819840545
|
| 998 |
f |
f |
|a DD221 .H56 1995
|t 0
|l Evans: Library Stacks
|